The War book of Gray's Inn : (Record no. 62173)
[ view plain ]
| 000 -LEADER | |
|---|---|
| fixed length control field | 00916cam6a220021700 4500 |
| 001 - CONTROL NUMBER | |
| control field | tmp15217353 |
| 003 - CONTROL NUMBER IDENTIFIER | |
| control field | UPRA |
| 005 - DATE AND TIME OF LATEST TRANSACTION | |
| control field | 20190815100844.0 |
| 008 - FIXED-LENGTH DATA ELEMENTS--GENERAL INFORMATION | |
| fixed length control field | 950717s1921 enk eng u |
| 035 ## - SYSTEM CONTROL NUMBER | |
| System control number | (Sirsi) r76608 |
| 035 ## - SYSTEM CONTROL NUMBER | |
| System control number | (UPRA)tmp15217353 |
| 040 ## - CATALOGING SOURCE | |
| Transcribing agency | UPRA |
| 050 #0 - LIBRARY OF CONGRESS CALL NUMBER | |
| Classification number | DA 687.G7 War 1921 |
| 245 04 - TITLE STATEMENT | |
| Title | The War book of Gray's Inn : |
| Remainder of title | containing names of members who served, with biographical notices of those who fell : speeches in Hall on various occasions : and introduction descriptive of the activities of the Society during the war / |
| Statement of responsibility, etc. | with a preface by the Right Hon. the Viscount Birkenhead. |
| 260 ## - PUBLICATION, DISTRIBUTION, ETC. | |
| Place of publication, distribution, etc. | Suffolk : |
| Name of publisher, distributor, etc. | Butterworth, |
| Date of publication, distribution, etc. | 1921. |
| 500 ## - GENERAL NOTE | |
| General note | Comp. and published by order of the Masters of the Bench. |
| 504 ## - BIBLIOGRAPHY, ETC. NOTE | |
| Bibliography, etc. note | Bibliography: p. 131-145. |
| 650 #0 - SUBJECT ADDED ENTRY--TOPICAL TERM | |
| Topical term or geographic name entry element | Gray's Inn. |
| Linkage | S28776.1 |
| 949 ## - LOCAL PROCESSING INFORMATION (OCLC) | |
| a | DA 687.G7 War 1921 |
| w | lcc |
| c | 1 |
| i | 33729000059357 |
| m | MAIN |
| p | 2500 |
| t | BOOK |
| l | ON-SHELF |
No items available.